Príjmy a výdavky rozpočtu EÚ

Príjmy rozpočtu EÚ. Výdavky rozpočtu EÚ. Rozpočtová bilancia členských štátov v kontexte rozpočtu EÚ.

Guardado en:
Detalles Bibliográficos
Autor principal: Harakaľová, Ľubica, 1963-
Formato: Capítulo de libro
Lenguaje:eslovaco
Materias:
Etiquetas: Agregar Etiqueta
Sin Etiquetas, Sea el primero en etiquetar este registro!

MARC

LEADER 00000naa$a2200000$$$4500
001 0257496
005 20240502074102.9
041 0 |a slo 
044 |a SK 
245 1 0 |a Príjmy a výdavky rozpočtu EÚ  |c Ľubica Harakaľová 
520 |a Príjmy rozpočtu EÚ. Výdavky rozpočtu EÚ. Rozpočtová bilancia členských štátov v kontexte rozpočtu EÚ. 
610 2 0 |a rozpočty 
610 2 0 |a výdavky 
610 2 0 |a príjmy 
610 2 0 |a bilancie 
100 1 |a Harakaľová, Ľubica, 1963-